00649nam a2200181 a 450000100100000000500170001000800410002704000250006808200210009310000220011424500960013626000630023230000210029550400740031665000270039065000260041770000240044300002100520200930011217.0100828s|||| xxu r 000 0cspa d aDO-SdBNPbspacBNPHU a222.11092bR261i1 aRawlinson, Jorge,10aIsaac y Jacob :bsus vidas y sus tiempos /cJorge Rawlinson ; traducción de Sara A. Hale. aEl Paso, Texas :bCasa Bautista de Publicaciones,c[19??]. a236 p. ;c20 cm. aIncluye referencias bibliográficas y notas al pie de las páginas. 4aProfetasxBiografías 4aBiografía religiosa1 aHale, Sara A.,etr.